LEADER 01755cam0-22005411i-450- 001 990004616200403321 005 20100722173154.0 035 $a000461620 035 $aFED01000461620 035 $a(Aleph)000461620FED01 035 $a000461620 100 $a19990604g19571967km-y0itay50------ba 101 0 $aita 102 $aIT 105 $ay-------001yy 200 1 $aScritti storici e geografici$fCarlo Cattaneo$ga cura di Gaetano Salvemini e Ernesto Sestan 210 $aFirenze$cLe Monnier$d1957-1967 215 $a4 v.$d18 cm 610 0 $aStoria d'Italia$aPeriodo risorgimentale, 1815-1861$aPersone 676 $a945.083 092$v21$zita 676 $a900 700 1$aCattaneo,$bCarlo$f<1801-1869>$0302721 702 1$aSalvemini,$bGaetano$f<1873-1957> 702 1$aSestan,$bErnesto$f<1898-1986> 801 0$aIT$bUNINA$gRICA$2UNIMARC 901 $aBK 912 $a990004616200403321 952 $aXI AA 50/1$bI.F.Di.109/1$fFGBC 952 $aXI AA 50/2$bI.F.Di.109/2$fFGBC 952 $aXI AA 50/3$bI.F.Di.109/3$fFGBC 952 $aXI AA 50/4$bI.F.Di.109/4$fFGBC 952 $aCOLL.126(44;1)$bBibl.34943$fFLFBC 952 $aCOLL.126(44;2)$bBibl.34943$fFLFBC 952 $aCOLL.126(44;34)$bBibl.34943$fFLFBC 952 $aCOLL.126(44;4)$bBibl.34943$fFLFBC 952 $a945.08 CAT 1 (1)$bIstrc.182$fFLFBC 952 $a945.08 CAT 1 (2)$bIstrc.183$fFLFBC 952 $a945.08 CAT 1 (3)$bIstrc.184$fFLFBC 952 $a945.08 CAT 1 (4)$bIstrc.185$fFLFBC 952 $aXI CL C 2(6)$fDFD 952 $aXI CL C 2(7)$fDFD 952 $aXI CL C 2(8)$fDFD 952 $aXI CL C 2(9)$fDFD 959 $aFLFBC 959 $aDFD 959 $aFGBC 996 $aScritti storici e geografici$9146603 997 $aUNINA LEADER 01517oam 2200481zu 450 001 9910146826603321 005 20241212215308.0 010 $a9781509096909 010 $a1509096906 035 $a(CKB)1000000000022624 035 $a(SSID)ssj0000453778 035 $a(PQKBManifestationID)12167360 035 $a(PQKBTitleCode)TC0000453778 035 $a(PQKBWorkID)10482506 035 $a(PQKB)10603521 035 $a(NjHacI)991000000000022624 035 $a(EXLCZ)991000000000022624 100 $a20160829d2005 uy 101 0 $aeng 135 $aur||||||||||| 181 $ctxt 182 $cc 183 $acr 200 00$a2005 Annual Pulp and Paper Industry Technical Conference 210 31$a[Place of publication not identified]$cI E E E$d2005 215 $a1 online resource (xviii, 299 pages) $cillustrations 300 $aBibliographic Level Mode of Issuance: Monograph 311 08$a9780780390898 311 08$a078039089X 606 $aPaper industry$vCongresses 606 $aIndustrial & Management Engineering$2HILCC 606 $aEngineering & Applied Sciences$2HILCC 606 $aMechanical Engineering$2HILCC 615 0$aPaper industry 615 7$aIndustrial & Management Engineering. 615 7$aEngineering & Applied Sciences. 615 7$aMechanical Engineering. 676 $a676 801 0$bPQKB 906 $aPROCEEDING 912 $a9910146826603321 996 $a2005 Annual Pulp and Paper Industry Technical Conference$92502850 997 $aUNINA LEADER 06830nam 22007335 450 001 9910743351603321 005 20260316100025.0 010 $a981-16-6770-5 010 $a981-16-6771-3 010 $a981-16-6771-3 024 7 $a10.1007/978-981-16-6771-8 035 $a(MiAaPQ)EBC6898843 035 $a(Au-PeEL)EBL6898843 035 $a(CKB)21343270700041 035 $a(PPN)260829838 035 $a(DE-He213)978-981-16-6771-8 035 $a(BIP)81480568 035 $a(iGPub)SPNA0087605 035 $a(EXLCZ)9921343270700041 100 $a20220228d2022 u| 0 101 0 $aeng 135 $aurcnu|||||||| 181 $ctxt$2rdacontent 182 $cc$2rdamedia 183 $acr$2rdacarrier 200 10$aFood Security for African Smallholder Farmers /$fedited by Hupenyu Allan Mupambwa, Adornis Dakarai Nciizah, Patrick Nyambo, Binganidzo Muchara, Ndakalimwe Naftal Gabriel 205 $a1st ed. 2022. 210 1$aSingapore :$cSpringer Nature Singapore :$cImprint: Springer,$d2022. 215 $a1 online resource (439 pages) 225 1 $aSustainable Agriculture and Food Security,$x2730-6801 311 08$aPrint version: Mupambwa, Hupenyu Allan Food Security for African Smallholder Farmers Singapore : Springer Singapore Pte. Limited,c2022 9789811667701 320 $aIncludes bibliographical references and index. 327 $aChapter 1. Decades of cultivar development: a reconciliation of maize and bean breeding projects and their impacts on food, nutrition security, and income of smallholder farmers in sub-Saharan Africa -- Chapter 2. From soil to fork: can sustainable intensification guarantee food security for smallholder farmers? -- Chapter 3. Sub-Sarahan Africa Smallholder Farmers Agricultural Productivity: Risks and Challenges -- Chapter 4. Integrated use of livestock manure and inorganic fertilizer for sustainable agricultural intensification on marginal soils in sub-Saharan Africa -- Chapter 5. In-field soil conservation practices and crop productivity in marginalized farming areas of Zimbabwe -- Chapter 6. Can organic soil fertility management sustain farming and increase food security among African smallholder farmers?- Chapter 7. Precision agriculture under arid environments: Prospects for African smallholder farmers -- Chapter 8. Challenges and opportunities for soil fertility and food security improvement in smallholder maize-tobacco production systems: A case study from Svosve area, Mashonaland East, Zimbabwe -- Chapter 9. On-farm research challenges for agronomic field trials in smallholder systems: A practical experience from Zanyokwe Irrigation Scheme, South Africa -- Chapter 10. Agricultural water resource governance for sustainable food production: Lessons from developing economies -- Chapter 11. Aquaculture and fisheries production in africa: highlighting potentials and benefits for food security -- Chapter 12. Medicinal plants: A perspective on their application in the African smallholder aquaculture farms -- Chapter 13. Application of Integrated Water Resources Management towards livelihood improvement: a case of smallholder farmers in Olushandja, Namibia -- Chapter 14. Climate Change Impacts on Food and Nutrition Security on Smallholder Farmers in Southern Africa -- Chapter 15. Climate-smart agriculture: perspectives for subsistence crop farming in Namibia -- Chapter 16. Smallholder Farmers? Adaptation Strategies and Food security: Experiences from Zimbabwe -- Chapter 17. Building resilience to climate change by adopting conservation agriculture in the smallholder farming systems -- Chapter 18. Contribution of underutilised indigenous crops to enhanced food and nutrition security in the advent of climate change -- Chapter 19. Liquid gold: Harnessing the potential of digestate to enhance smallholder farmer food security and livelihood -- Chapter 20. Importance of Mushrooms for Food Security in Africa -- Chapter 21. Mushroom cultivation in Arid Namibia: Cultivation status, contribution to human health and future prospect -- Chapter 22. Can Women Own Land?? Land Inheritances Convolutions: Evidence from the Zimbabwean Resettlement Areas -- Chapter 23. The governance of aquaculture in Namibia as a vehicle for food security and economic growth -- Chapter 24. A decade of agronomic research impact on commercializing traditional homestead production of amadumbe in Umbumbulu kwaZulu Natal. 330 $aThis book provides a synthesis of current agricultural research in Africa with the aim of presenting evidence based information that can be directly applied into improving the African smallholder farmers? food security. It presents positive scientific research that has been undertaken in Africa, in simpler terms, thus driving the research for development agenda contributing to the attainment of SDG 2. Numerous research that targets resource poor African smallholder farmers has been published, yet the region faces very low productivity levels. This lack of translation from research to food security and increased agricultural incomes is due to the poor uptake of scientific research by farmers, which is partly due to poor presentation of this body of knowledge into simpler forms that extension workers and farmers can directly adopt. Therefore, this book offers research information in an easy, digestible and application oriented style, so as to enable transformation of the African agricultural sector by effectively driving agricultural productivity in Africa. This book is of interest to African extension workers, who will translate the simplified knowledge into lessons that can be useful to smallholder farmers. The book is also beneficial for policy makers as well as academics, researchers and other science based professionals. 410 0$aSustainable Agriculture and Food Security,$x2730-6801 606 $aBioclimatology 606 $aAgriculture 606 $aAgricultural ecology 606 $aClimate Change Ecology 606 $aAgriculture 606 $aAgroecology 606 $aSeguretat alimentària$2thub 606 $aExplotacions agrícoles$2thub 606 $aPolítica agrícola$2thub 607 $aÀfrica subsahariana$2thub 608 $aLlibres electrònics$2thub 615 0$aBioclimatology. 615 0$aAgriculture. 615 0$aAgricultural ecology. 615 14$aClimate Change Ecology. 615 24$aAgriculture. 615 24$aAgroecology. 615 7$aSeguretat alimentària 615 7$aExplotacions agrícoles 615 7$aPolítica agrícola 676 $a412.774 702 $aMupambwa$b Hupenyu Allan 801 0$bMiAaPQ 801 1$bMiAaPQ 801 2$bMiAaPQ 906 $aBOOK 912 $a9910743351603321 996 $aFood security for African smallholder farmers$93559276 997 $aUNINA